Adjusment and Economic Performance in Industrialised Countries (Record no. 2099)

MARC details
000 -LEADER
fixed length control field 00388nam a22001337a 4500
008 - FIXED-LENGTH DATA ELEMENTS--GENERAL INFORMATION
fixed length control field 250305b |||||||| |||| 00| 0 eng d
020 ## - INTERNATIONAL STANDARD BOOK NUMBER
ISBN 9221055094
100 ## - MAIN ENTRY--AUTHOR
Author RENSHAW, Geoffrey
245 ## - TITLE STATEMENT
Title Adjusment and Economic Performance in Industrialised Countries
260 ## - PUBLICATION, DISTRIBUTION, ETC. (IMPRINT)
Place of publication Switzerland
Name of publisher International Labour Organization
Date of publication 1986
300 ## - COLLATION
Pagination vii, 180p.
942 ## - ADDED ENTRY ELEMENTS (KOHA)
Item type Books
050 ## - LIBRARY OF CONGRESS CALL NUMBER
Classification number HD88
Item number .R46
Holdings
Source of classification or shelving scheme Not for loan Permanent location Current location Date acquired Accession No. Full call number Barcode. Koha item type
Library of Congress Classification   Samuel Ogbemudia Main Library, University of Abuja Samuel Ogbemudia Main Library, University of Abuja 03/05/2025 2003/25532 HD88.R46 2025-0285 Books